Trnava Kostol sv. Jakuba
Zobrazenie: pohľad na chrám sv. Jakuba, hlavný oltár, kazateľnicu a oltár sv. Antona
| Other Authors: | |
|---|---|
| Format: | Photo |
| Language: | Slovak English German |
| PhysicalDescription: | 1 pohľadnica (4 čiastkové pohľady) farebná 11 x 15 cm |
| Published: |
Nitra
FOTAR
[2003?]
|
| Subjects: |
MARC
| LEADER | 00000ckm a2200000 a 4500 | ||
|---|---|---|---|
| 001 | vtls001467336 | ||
| 003 | SK-MaSNL | ||
| 005 | 20260331204037.0 | ||
| 007 | kf co | ||
| 008 | 230706q2003 xo g 0k|slo | ||
| 015 | |a SNBG2004/01-00169 | ||
| 035 | |a SNK000422641 | ||
| 035 | |a urn:nbn:sk:snk-km003rkl | ||
| 035 | |a 1F61925F-EB2D-49CB-984D-BC5FD242F66E | ||
| 035 | |a urn:nbn:sk:snk-kmtgil | ||
| 040 | |a SNK |b slo |c SNK |e AACR2 | ||
| 041 | 0 | |a slo |a eng |a ger | |
| 043 | |a e-xo--- | ||
| 044 | |a xo |c SK | ||
| 072 | 7 | |a 908(437) |x Vlastiveda Česka a Slovenska |2 konspekt | |
| 072 | 7 | |a 72 |x Architektúra |2 konspekt | |
| 080 | |a 908(437.61)(084.121) |2 1981 | ||
| 080 | |a (089.7)904 |2 1981 | ||
| 080 | |a (437.61) |2 1981 | ||
| 080 | |a 726:27-523.42 |2 2011 | ||
| 080 | |a 726:27-526.2 |2 2011 | ||
| 100 | 1 | |a Tarábek, Ján, |d 1978- |4 pht |9 178454 | |
| 245 | 1 | 0 | |a Trnava |h grafika |b Kostol sv. Jakuba |c foto: Ján Tarábek |
| 246 | 3 | 1 | |a Kostol sv. Jakuba |b hlavný oltár : kazateľnica : oltár sv. Antona |
| 246 | 3 | 1 | |a St. James church |b main altar : pulpit : St. Anthony´s Altar |
| 246 | 3 | 1 | |a St. Jakobskirche |b Hauptaltar : Kanzel : Altar des hl. Antonius |
| 260 | |a Nitra |b FOTAR |c [2003?] |e Skalica |f Grafobal | ||
| 300 | |a 1 pohľadnica (4 čiastkové pohľady) |b farebná |c 11 x 15 cm | ||
| 500 | |a Rok vydania pohľadnice určený podľa prírastkového čísla | ||
| 520 | 8 | |a Zobrazenie: pohľad na chrám sv. Jakuba, hlavný oltár, kazateľnicu a oltár sv. Antona | |
| 546 | |a Súbežné podnázvy v angličtine a nemčine | ||
| 610 | 2 | 7 | |a Kostol sv. Jakuba (Trnava, Slovensko) |2 SNKKA |9 173493 |
| 650 | 0 | 7 | |a kostoly |2 SNKPH |9 3023 |
| 650 | 0 | 7 | |a oltáre |2 SNKPH |9 3030 |
| 651 | 7 | |a Trnava (Slovensko) |2 SNKPHgeo |9 19407 | |
| 655 | 7 | |a miestne pohľadnice |2 SNKPH |9 70510 | |
| 655 | 7 | |a pohľadnice kultúrnych pamiatok |2 SNKPH |9 70523 | |
| 852 | |a Slovenská národná knižnica | ||
| 958 | |a GBN | ||
| 958 | |a TL | ||
| 958 | |a GC | ||
| 999 | |c 681749 |d 683679 | ||
| 952 | |t P60, <03>, [BOOK], {603} |a SNK |b SNK |y PREZ |7 0 |p 17A0410847 |o snkSP 151759 |i snkPV 165/2004 |0 0 |1 0 |4 0 |d 2004-01-30 |f 1 |l 0 |r 2005-01-02 00:00:00 |w 2026-02-23 | ||
| 952 | |t P60, <04>, [BOOK], {604} |a SNK |b SNK |y PREZ |7 0 |p 17A0410848 |o snkSP 151759 D1 |i snkPV 166/2004 |0 0 |1 0 |4 0 |d 2004-01-30 |l 0 |r 2005-01-02 00:00:00 |w 2026-02-23 | ||


